000 00556nam a22002057a 4500
003 OSt
005 20210416105707.0
008 210306s1964 ||||| |||| 00| 0 eng d
040 _aeng
_beng
_cDLC
041 _aeng
080 _a821.111
_bF-66
100 _91272
_aFletcher, Lucille
245 _aAnd Presumed Dead
_c/ by: Bantam Books
260 _aNew York
_bBantam Books
_c1964
300 _a169 p.
365 _b0.5 usd
650 0 _9247
_aEnglish literature
653 _aინგლისური ლიტერატურა
942 _2udc
_cBK
999 _c2008
_d2008